House of Gold - Twenty One Pilots Lyrics - Statistics

General Stats
  • This quiz has been taken 27 times
  • The average score is 184 of 230
Answer Stats
Lyrics % Correct
a
100%
a
100%
And
100%
And
100%
asked
100%
asked
100%
buy
100%
buy
100%
gold?
100%
gold?
100%
grow
100%
grow
100%
house
100%
house
100%
I
100%
I
100%
I
100%
me,
100%
me
100%
me?"
100%
me,
100%
me
100%
me?"
100%
of
100%
of
100%
of
100%
of
100%
of
100%
of
100%
old
100%
old
100%
Chorus She
100%
She
100%
"Son,
100%
"Son,
100%
when
100%
when
100%
when
100%
when
100%
Will
100%
Will
100%
Will
100%
Will
100%
will
100%
you
100%
you
100%
you
100%
you
100%
you
100%
you
100%
you
100%
you
100%
care
95%
care
95%
everything
95%
father
95%
father
95%
I'll
95%
I'll
95%
on
95%
see
95%
take
95%
take
95%
to
95%
to
95%
turns
95%
turns
95%
your
95%
your
95%
and
89%
And
89%
make
89%
map,
89%
put
89%
stone
89%
stone
89%
the
89%
a
84%
And
84%
asked
84%
buy
84%
cure
84%
gold?
84%
grow
84%
house
84%
I
84%
I
84%
me,
84%
me
84%
me?"
84%
of
84%
of
84%
of
84%
of
84%
old
84%
Chorus She
84%
"Son,
84%
when
84%
when
84%
Will
84%
Will
84%
will
84%
you
84%
you
84%
you
84%
you
84%
you
84%
you
84%
a
79%
and
79%
Verse 2 And
79%
And
79%
And
79%
asked
79%
buy
79%
care
79%
disease
79%
everything
79%
father
79%
gold?
79%
grow
79%
house
79%
I
79%
I'll
79%
I'll
79%
me
79%
me,
79%
me
79%
of
79%
old
79%
on
79%
queen
79%
see
79%
Chorus She
79%
"Son,
79%
take
79%
to
79%
turns
79%
when
79%
when
79%
Will
79%
Will
79%
you
79%
you
79%
you
79%
your
79%
a
74%
care
74%
ever
74%
father
74%
I
74%
I
74%
I
74%
make
74%
map,
74%
me?"
74%
of
74%
of
74%
of
74%
put
74%
So
74%
stone
74%
take
74%
the
74%
to
74%
turns
74%
will
74%
will
74%
you
74%
you
74%
you
74%
you
74%
your
74%
cure
68%
disease
68%
everything
68%
I'll
68%
I'll
68%
make
68%
on
68%
on
68%
see
68%
stone
68%
to
68%
turns
68%
up
68%
we
68%
make
63%
map,
63%
put
63%
queen
63%
the
63%
this
63%
are
58%
cure
58%
dead
58%
disease
58%
down
58%
dreams
58%
left
58%
say
58%
since
58%
town
58%
turned
58%
we
58%
future
53%
happily
53%
know
53%
Verse 1 Let's
53%
queen
53%
that
53%
that
53%
their
53%
up
53%
upside
53%
after
47%
be
47%
become
47%
head
47%
just
47%
life
47%
Lived
47%
might
47%
pretend
47%
someone
47%
We'll
47%
bum
42%
plan
42%
plans
42%
out
32%
No matching quizzes found
Score Distribution
Percent of People with Each Score
Percentile by Number Answered
Your Score History
You have not taken this quiz